000 00405nam a2200181Ia 4500
001 4212
005 20260306145739.0
008 260306t2010||||xx |||||||||||||| ||spa||
041 _aESP
082 _a320.01
_bH93
100 _aHume, David
_eAUT
245 0 _aEnsayos políticos
260 _c2010
300 _a154 páginas :
_c20 cm.
650 _aGEN
654 _aCDE
942 _cLIB
_dJUS
_fJUS
_2ddc
_n
999 _c4212
_d4212